Elements of the Periodic Table - Sudden Death - Statistics

General Stats
  • This quiz has been taken 329 times
    296 since last reset
  • The average score is 11 of 20
Answers on the Grid
Answers color-coded by a green-red scale on the quiz's grid according to % correct below.
Aluminum
Astatine
Bismuth
Brass
Bronze
Carbon Dioxide
Cellulose
Chrysanthemum
Copper
Cyanide
Deuterium
Einsteinium
Emerald
Ethanol
Granite
Hawkinium
Hydrogen
Krypton
Mercury
Methane
Neon
Nitrogen
Obsidian
Phosphorus
Plasma
Platinum
Potassium
Rust
Samarium
Saturnium
Silurium
Silver
Sodium
Steel
Technetium
Thallium
Thorium
Tin
Vibranium
Water
 
Answer Stats
Answer % Correct
Aluminum
95%
Copper
77%
Bismuth
70%
Hydrogen
62%
Neon
62%
Sodium
62%
Nitrogen
60%
Einsteinium
56%
Potassium
56%
Mercury
55%
Silver
55%
Tin
54%
Astatine
53%
Krypton
53%
Platinum
53%
Phosphorus
52%
Thallium
47%
Thorium
47%
Technetium
38%
Samarium
27%
No matching quizzes found
Score Distribution
Percent of People with Each Score
Percentile by Number Answered
Your Score History
You have not taken this quiz since the last reset